000
00205 a2200097 4500
001
52547
100
_a
Smith, Wilbur
245
_a
A Falcon Flies
260
_a
London
_b
Pan Books
_c
090
_c
33034
_d
33034
942
_a
NUST-CAE
_c
M
_c
25597
999
_c
287620
_d
287620